Investigación y desarrollo regional en ciencias sociales y humanidades. Hidalgo, Puebla y Tlaxcala /

Сохранить в:
Библиографические подробности
Главный автор: Cuevas Ramírez, Louredes Teresa
Другие авторы: Fabre Platas, Danu Alberto, Salazar de Gante, Edith, Nicolás Cisneros, Silvia, Martínez Castro, Alma Lucía, Ayala Gutiérrez, Silvia, Gutiérrez Aguilar, Silvano, Palacios Ramírez, Sergio, Campos Cabral, Valentina, Molina Ga
Формат: Текст
Опубликовано: Hidalgo: Praxis
Предметы:
Метки: Добавить метку
Нет меток, Требуется 1-ая метка записи!

MARC

LEADER 00000 a a2200000 04500
001 31196
003
040
020 |a 970-682-151-1  
022 |a 970-682-151-1  
090 |a 196800  
100 |a Cuevas Ramírez, Louredes Teresa  
245 |a Investigación y desarrollo regional en ciencias sociales y humanidades. Hidalgo, Puebla y Tlaxcala /  |c Louredes Teresa Cuevas Ramírez 
260 |a Hidalgo:   |b Praxis  
300 |a 242 p.  
650 |a CIENCIAS SOCIALES  
650 |a EDUCACION  
650 |a UNIVERSIDADES  
650 |a INVESTIGACION  
650 |a PODER POLITICO  
650 |a ANALISIS REGIONAL  
650 |a MEXICO  
650 |a UNIVERSIDADES  
650 |a ESTUDIANTES  
650 |a MUJERES  
700 |a Fabre Platas, Danu Alberto  
700 |a Salazar de Gante, Edith  
700 |a Nicolás Cisneros, Silvia  
700 |a Martínez Castro, Alma Lucía  
700 |a Ayala Gutiérrez, Silvia  
700 |a Gutiérrez Aguilar, Silvano  
700 |a Palacios Ramírez, Sergio  
700 |a Campos Cabral, Valentina  
700 |a Molina Ga  
999 |c 16761  |d 16761